| 000 | 02596cam a22004454i 4500 | ||
|---|---|---|---|
| 003 | PE-LiUPU | ||
| 005 | 20250731172859.0 | ||
| 008 | 150623s r 000 0 d | ||
| 020 | _a0825434661 | ||
| 020 | _a9780825434662 | ||
| 035 | _a(Sirsi) a165804 | ||
| 040 |
_aPE-LiUPU _bspa _cPE-LiUPU _erda |
||
| 049 | _aPRUA | ||
| 082 | 0 | 4 |
_a266.3 _bO96 |
| 245 | 0 | 0 |
_aOvercoming the world missions crisis : _bthinking strategically to reach the world / _cRussell L. Penney, general editor. |
| 250 | _aQuinta edición | ||
| 264 | 1 |
_aGrand Rapids, MI : _bKregel, _c2001. |
|
| 300 |
_a389 páginas ; _c23 centímetros. |
||
| 336 |
_atext _2rdacontent |
||
| 337 |
_aunmediated _2rdamedia |
||
| 338 |
_avolume _2rdacarrier |
||
| 505 | 0 | _apt. 1. The crisis defined. The crisis in missions / Russell L. Penney -- The sufficiency of Scripture as a foundation for missions theology and practice / Russell L. Penney -- The proper place of the study of missions in systematic theology / Albert T. Platt. pt. 2. Key theological concerns: enduring and contemporary. The mission of the church / Russell L. Penney -- The sovereignty of God in missions / Michael Pocock -- The destiny of the unevangelized / George Hilgeman -- The challenge of religious pluralism / Chuck Sutton -- The challenge of postmodernism / Steven McAvoy -- The necessity of theological training for the missionary / J. Ronald Blue -- Women on the mission field / Russell L. Penney -- Demonology and the mission field / John F. Hart. pt. 3. Practical matters in missions. Financial support of the missionary / Russell L. Penney -- The responsibility of the local church / Russell L. Penney -- The role of the mission agency / Albert T. Platt -- The missionary's responsibility to the sending church and mission agency / Russell L. Penney -- Short-term missions / Jennifer Collins. Appendixes. Short-term mission references -- Support-raising letter -- Financial needs worksheet -- How you can help the Doezel family reach the Guarani people for Christ. | |
| 526 | _aSEG42 | ||
| 526 | _aSEG41 | ||
| 526 | _aSEG40 | ||
| 526 | _aSEG39 | ||
| 526 | _aP94 | ||
| 526 | _aP87 | ||
| 526 | _aP86 | ||
| 526 | _aP85 | ||
| 526 | _aP77 | ||
| 526 | _aP76 | ||
| 526 | _aP35 | ||
| 650 | 0 | 4 |
_aMundo _xestrategia |
| 942 |
_2ddc _cBOOK |
||
| 994 |
_aC0 _bPEPRU |
||
| 596 | _a1 | ||
| 999 |
_a266.3 O96 _wLC _c14553 _i75167 _f2021-11-10 _g5 _lCCODEBUL1 _mBUL _r0 _sY _tBOOK _u2017-1-3 _xTEOLOGIA _PP85 _o.STAFF. Colección TEOLOGIA _d14553 |
||
| 980 |
_81 _gALBERTO SANCHEZ Responsable de Automatización |
||